The Collision of Journalism and Consumerism (Record no. 333548)
[ view plain ]
| 000 -LEADER | |
|---|---|
| fixed length control field | 00541nam a2200097Ia 4500 |
| 008 - FIXED-LENGTH DATA ELEMENTS--GENERAL INFORMATION | |
| fixed length control field | 170517s9999 xx 000 0 und d |
| 245 #4 - TITLE STATEMENT | |
| Title | The Collision of Journalism and Consumerism |
| 300 ## - PHYSICAL DESCRIPTION | |
| Extent | Any impairment of the free press' circulation to the people diminishes the efficiency and the value therefore of the democracy. In a democracy since the citizens are "running things" and deciding who's in office and making very important decisions... |
| 650 ## - SUBJECT ADDED ENTRY--TOPICAL TERM | |
| General subdivision | Media. |
| 856 ## - ELECTRONIC LOCATION AND ACCESS | |
| Uniform Resource Identifier | <a href="http://topdocumentaryfilms.com/collision-journalism-consumerism/">http://topdocumentaryfilms.com/collision-journalism-consumerism/</a> |
| Withdrawn status | Lost status | Damaged status | Home library | Current library | Date acquired | Total Checkouts | Date last seen | Price effective from | Koha item type |
|---|---|---|---|---|---|---|---|---|---|
| College Library | College Library | 05/17/2017 | 05/17/2017 | 05/17/2017 | Documentary Films |